[Event "COL Subzt 2.3.4"]
[Site "Risarald"]
[Date "2021.11.27"]
[Round "8"]
[White "Patino Castaneda, Jose Ignacio"]
[Black "Arias, Juan Carlos2"]
[Result "0-1"]
[WhiteElo "1649"]
[BlackElo "1938"]
[PlyCount "60"]
[EventDate "2021.11.23"]
[EventType "swiss"]
[EventRounds "9"]
[EventCountry "COL"]
[SourceTitle "CBM 205 Extra"]
[Source "ChessBase"]
[SourceDate "2022.01.31"]
[SourceVersion "1"]
[SourceVersionDate "2022.01.31"]
[SourceQuality "1"]

1. d4 d5 2. Nf3 c5 3. c3 Nc6 4. Bf4 Qb6 5. Qb3 c4 6. Qxb6 axb6 7. Nbd2 Nf6 8. a3 h6 9. g3 Bf5 10. Bg2 e6 11. 0-0 b5 12. Rfe1 Be7 13. Ne5 g5 14. Nxc6 bxc6 15. Be5 0-0 16. Bxf6 Bxf6 17. e4 Bg6 18. Rac1 Ra7 19. h3 Rd8 20. exd5 cxd5 21. Nf3 Be4 22. Nh2 Bh7 23. Ng4 Bg7 24. Ne5 Rd6 25. f4 f6 26. Nf3 gxf4 27. gxf4 h5 28. Rf1 Bd3 29. Rf2 Bh6 30. Nh4 e5 0-1

[Event "COL Subzt 2.3.4"]
[Site "Risarald"]
[Date "2021.11.24"]
[Round "3"]
[White "Valderrama Castano, Julian Camilo"]
[Black "Patino Castaneda, Jose Ignacio"]
[Result "1-0"]
[WhiteElo "1923"]
[BlackElo "1649"]
[PlyCount "111"]
[EventDate "2021.11.23"]
[EventType "swiss"]
[EventRounds "9"]
[EventCountry "COL"]
[SourceTitle "CBM 205 Extra"]
[Source "ChessBase"]
[SourceDate "2022.01.31"]
[SourceVersion "1"]
[SourceVersionDate "2022.01.31"]
[SourceQuality "1"]

1. e4 c5 2. Nc3 Nc6 3. f4 d6 4. Nf3 Nf6 5. Bb5 Bd7 6. a4 a6 7. Bc4 e6 8. 0-0 Qc7 9. d3 Be7 10. Qe1 Nb4 11. Qe2 Bc6 12. e5 dxe5 13. fxe5 Nfd5 14. Ne4 Nb6 15. Neg5 Bxg5 16. Nxg5 0-0 17. Qh5 h6 18. Nxf7 Nxc4 19. Nxh6+ gxh6 20. Bxh6 Rxf1+ 21. Rxf1 Nxe5 22. Qg5+ Kh7 23. Bf8 Rxf8 24. Rxf8 Ng6 25. Rf6 Be8 26. h4 Qe5 27. Qxe5 Nxe5 28. Rxe6 Nf3+ 29. gxf3 Bc6 30. Re2 Bxf3 31. Rd2 Bc6 32. a5 Kh6 33. Kf2 Nd5 34. c4 Nf4 35. d4 cxd4 36. Rxd4 Ng6 37. Kg3 Kh5 38. b4 Ne7 39. Rf4 Kg6 40. Rg4+ Kh6 41. Rg5 Bd7 42. b5 Nf5+ 43. Kf4 Nxh4 44. Rc5 Ng6+ 45. Ke4 axb5 46. cxb5 Bh3 47. Kd5 Bg2+ 48. Kd6 Kg7 49. Rc7+ Kf6 50. Rxb7 Bxb7 51. a6 Bf3 52. b6 Ne5 53. b7 Nc6 54. a7 Nxa7 55. b8Q Nc6 56. Qf8+ 1-0

[Event "Manizales Las Americas blitz op"]
[Site "Manizales"]
[Date "2021.10.23"]
[Round "10"]
[White "Patino Castaneda, Jose Ignacio"]
[Black "Cuesta Cifuentes, Jair Alfonso"]
[Result "1-0"]
[WhiteElo "1733"]
[BlackElo "1766"]
[PlyCount "69"]
[EventDate "2021.10.23"]
[EventType "swiss (blitz)"]
[EventRounds "11"]
[EventCountry "COL"]
[SourceTitle "CBM 205 Extra"]
[Source "ChessBase"]
[SourceDate "2022.01.31"]
[SourceVersion "1"]
[SourceVersionDate "2022.01.31"]
[SourceQuality "1"]

1. d4 Nf6 2. c4 e6 3. Nc3 Bb4 4. Bd2 c5 5. dxc5 Na6 6. Nf3 Nxc5 7. e3 0-0 8. Be2 d5 9. cxd5 exd5 10. 0-0 Bg4 11. a3 Bxc3 12. Bxc3 Nce4 13. Rc1 Nxc3 14. Rxc3 Qb6 15. b4 Rad8 16. h3 Bh5 17. Re1 Rfe8 18. Qd4 Qd6 19. Qxa7 Bxf3 20. Bxf3 d4 21. Rd3 Qc7 22. Rxd4 Ra8 23. Qxb7 Qxb7 24. Bxb7 Rxa3 25. b5 h5 26. Red1 g6 27. Bc6 Re6 28. Rd6 Re5 29. Rxf6 Ra2 30. b6 Kg7 31. Rf4 g5 32. Rf3 Re6 33. b7 Rb2 34. Bd5 Ra6 35. Rxf7+ 1-0

[Event "Manizales Las Americas blitz op"]
[Site "Manizales"]
[Date "2021.10.23"]
[Round "6"]
[White "Patino Castaneda, Jose Ignacio"]
[Black "Sanchez, Sebastian Felipe"]
[Result "0-1"]
[WhiteElo "1733"]
[BlackElo "2406"]
[PlyCount "56"]
[EventDate "2021.10.23"]
[EventType "swiss (blitz)"]
[EventRounds "11"]
[EventCountry "COL"]
[SourceTitle "CBM 205 Extra"]
[Source "ChessBase"]
[SourceDate "2022.01.31"]
[SourceVersion "1"]
[SourceVersionDate "2022.01.31"]
[SourceQuality "1"]

1. d4 Nf6 2. c4 e6 3. Nc3 Bb4 4. Bd2 0-0 5. Qb3 c5 6. e3 Nc6 7. a3 Bxc3 8. Qxc3 cxd4 9. exd4 d5 10. cxd5 Ne4 11. Qe3 exd5 12. Nf3 Re8 13. Ne5 f6 14. Nxc6 bxc6 15. Be2 Nxd2 16. Qxd2 Ba6 17. 0-0 Rxe2 18. Qc3 Qb6 19. b4 Rae8 20. h3 Bc4 21. a4 h6 22. Rfb1 a6 23. b5 axb5 24. a5 Qc7 25. a6 Qf4 26. Qg3 Qxg3 27. fxg3 Ra8 28. a7 Re7 0-1

[Event "Manizales Las Americas op-C"]
[Site "Manizales"]
[Date "2021.10.16"]
[Round "5"]
[White "Patino Castaneda, Jose Ignacio"]
[Black "Pinzon, Luis Guillermo"]
[Result "1-0"]
[WhiteElo "1648"]
[BlackElo "1581"]
[PlyCount "65"]
[EventDate "2021.10.14"]
[EventType "swiss"]
[EventRounds "9"]
[EventCountry "COL"]
[SourceTitle "EXT 2023"]
[Source "ChessBase"]
[SourceDate "2022.10.05"]
[SourceVersion "1"]
[SourceVersionDate "2022.10.05"]
[SourceQuality "1"]

1. d4 c6 2. c4 d5 3. Nc3 Nf6 4. Nf3 g6 5. Bf4 Bg7 6. e3 Nh5 7. Bg5 h6 8. Bh4 Be6 9. cxd5 cxd5 10. Be2 0-0 11. 0-0 Nc6 12. a3 a6 13. b4 b5 14. Nd2 Nf6 15. Nb3 Bc8 16. Rc1 Bb7 17. Nc5 Bc8 18. Qb3 e6 19. Rfd1 Ne7 20. Bg3 Nf5 21. Be5 Nd6 22. Bxd6 Qxd6 23. Bf3 Rd8 24. h3 Nd7 25. e4 dxe4 26. N3xe4 Qb8 27. Nxd7 Bxd7 28. Nc5 Ra7 29. d5 e5 30. d6 Kh7 31. Qxf7 Bxh3 32. d7 Rf8 33. Qxf8 1-0

[Event "Manizales Las Americas op-C"]
[Site "Manizales"]
[Date "2021.10.15"]
[Round "3"]
[White "Patino Castaneda, Jose Ignacio"]
[Black "Herrera Nopan, Fabian"]
[Result "1/2-1/2"]
[WhiteElo "1648"]
[BlackElo "1612"]
[PlyCount "26"]
[EventDate "2021.10.14"]
[EventType "swiss"]
[EventRounds "9"]
[EventCountry "COL"]
[SourceTitle "EXT 2023"]
[Source "ChessBase"]
[SourceDate "2022.10.05"]
[SourceVersion "1"]
[SourceVersionDate "2022.10.05"]
[SourceQuality "1"]

1. d4 Nf6 2. c4 g6 3. Nc3 Bg7 4. Nf3 0-0 5. e4 d6 6. h3 a6 7. Be2 Nfd7 8. 0-0 c5 9. Be3 Nc6 10. d5 Nce5 11. Nxe5 Bxe5 12. f4 Bg7 13. Qd2 Qa5 1/2-1/2

[Event "La Dorada op"]
[Site "La Dorada"]
[Date "2021.09.05"]
[Round "5"]
[White "Patino Castaneda, Jose Ignacio"]
[Black "Gomez Loaiza, Jhon Fredy"]
[Result "0-1"]
[WhiteElo "1660"]
[BlackElo "1966"]
[PlyCount "98"]
[EventDate "2021.09.03"]
[EventType "swiss"]
[EventRounds "7"]
[EventCountry "COL"]
[SourceTitle "EXT 2022"]
[Source "ChessBase"]
[SourceDate "2021.10.06"]
[SourceVersion "1"]
[SourceVersionDate "2021.10.06"]
[SourceQuality "1"]

1. d4 d5 2. Nf3 Nf6 3. Bf4 c6 4. e3 Qb6 5. Qc1 Bf5 6. Nbd2 e6 7. c4 c5 8. cxd5 Nxd5 9. Bxb8 Rxb8 10. e4 Bxe4 11. Nxe4 cxd4 12. Be2 Bb4+ 13. Kf1 0-0 14. Qc4 f5 15. Neg5 Be7 16. Qb5 Bxg5 17. Qxb6 Nxb6 18. Nxg5 e5 19. g3 h6 20. Ne6 Rf6 21. Nc5 e4 22. b4 Kh7 23. a4 Rd6 24. a5 Nd5 25. b5 d3 26. Nxd3 exd3 27. Bxd3 Nc3 28. Kg2 g6 29. Bc4 Rc8 30. Bb3 Nxb5 31. Rhc1 Rxc1 32. Rxc1 Kg7 33. Ba4 Rd5 34. Bxb5 Rxb5 35. Rc7+ Kf6 36. a6 bxa6 37. Rxa7 a5 38. h4 g5 39. hxg5+ hxg5 40. f3 Rb2+ 41. Kg1 Ra2 42. Ra6+ Kf7 43. Ra7+ Kf6 44. Ra6+ Ke5 45. Rg6 a4 46. Rxg5 a3 47. g4 Kf4 48. Rxf5+ Kg3 49. Kf1 Rb2 0-1

[Event "La Dorada op"]
[Site "La Dorada"]
[Date "2021.09.04"]
[Round "4"]
[White "Patino Castaneda, Jose Ignacio"]
[Black "Mora, Esau"]
[Result "1-0"]
[WhiteElo "1660"]
[BlackElo "1603"]
[PlyCount "73"]
[EventDate "2021.09.03"]
[EventType "swiss"]
[EventRounds "7"]
[EventCountry "COL"]
[SourceTitle "EXT 2022"]
[Source "ChessBase"]
[SourceDate "2021.10.06"]
[SourceVersion "1"]
[SourceVersionDate "2021.10.06"]
[SourceQuality "1"]

1. d4 d5 2. Nf3 h6 3. Bf4 Nc6 4. e3 Bg4 5. Nbd2 e6 6. c3 a6 7. Bd3 Nf6 8. 0-0 Bd6 9. Bxd6 Qxd6 10. h3 Bh5 11. Qc2 0-0 12. Rae1 b5 13. a3 e5 14. dxe5 Nxe5 15. Nxe5 Qxe5 16. f4 Qd6 17. g4 Bg6 18. Bxg6 fxg6 19. Qxg6 Rae8 20. Qd3 Ne4 21. Nxe4 Rxe4 22. Rd1 Rfe8 23. Qxd5+ Qxd5 24. Rxd5 Rxe3 25. Kg2 R8e6 26. Rf2 Kf7 27. Rd7+ Re7 28. Rd8 c5 29. Rd6 R3e6 30. Rxe6 Rxe6 31. Rd2 Kf6 32. Kf3 g6 33. h4 g5 34. hxg5+ hxg5 35. fxg5+ Kxg5 36. Rd5+ Kh4 37. Rh5# 1-0

[Event "COL-ch sf"]
[Site "Medellin"]
[Date "2014.??.??"]
[Round "7"]
[White "Alvarez Angel, Nelson Eduardo"]
[Black "Patino Castaneda, Jose Ignacio"]
[Result "0-1"]
[WhiteElo "1681"]
[BlackElo "1550"]
[PlyCount "94"]
[EventDate "2014.04.15"]
[EventType "swiss"]
[EventRounds "11"]
[EventCountry "COL"]
[SourceTitle "CBM 160 Extra"]
[Source "ChessBase"]
[SourceDate "2014.07.01"]
[SourceVersion "1"]
[SourceVersionDate "2014.07.01"]
[SourceQuality "1"]

1. e4 e5 2. Nf3 Nc6 3. Bb5 a6 4. Bxc6 dxc6 5. d4 exd4 6. Qxd4 Qxd4 7. Nxd4 Nf6 8. f3 Bb4+ 9. Bd2 Bxd2+ 10. Nxd2 0-0 11. 0-0-0 Rd8 12. N2b3 g6 13. Rd2 Nh5 14. g3 Be6 15. Rhd1 Bxb3 16. Nxb3 Rxd2 17. Rxd2 b6 18. Rd7 Rc8 19. Nd4 Nf6 20. Nxc6 Nxd7 21. Ne7+ Kf8 22. Nxc8 Ne5 23. Na7 Nxf3 24. Nc6 Nxh2 25. Nb4 Ke7 26. Nd5+ Kd6 27. Nf6 h5 28. Ne8+ Ke5 29. Nxc7 a5 30. Nd5 Kxe4 31. Nxb6 Nf3 32. Nc4 g5 33. Nd6+ Kd5 34. Nxf7 h4 35. gxh4 gxh4 36. Nh6 Ne5 37. Nf5 h3 38. Ng3 Nc6 39. Kd2 h2 40. Ke2 Nb4 41. c3 Nxa2 42. Kd1 Kc4 43. Kc2 a4 44. Kb1 Nxc3+ 45. bxc3 Kxc3 46. Ka2 Kd3 47. Ka3 Kc3 0-1

[Event "COL-ch sf"]
[Site "Medellin"]
[Date "2014.??.??"]
[Round "8"]
[White "Patino Castaneda, Jose Ignacio"]
[Black "Arellano Villegas, Sebastian"]
[Result "1-0"]
[WhiteElo "1550"]
[BlackElo "1527"]
[PlyCount "85"]
[EventDate "2014.04.15"]
[EventType "swiss"]
[EventRounds "11"]
[EventCountry "COL"]
[SourceTitle "CBM 160 Extra"]
[Source "ChessBase"]
[SourceDate "2014.07.01"]
[SourceVersion "1"]
[SourceVersionDate "2014.07.01"]
[SourceQuality "1"]

1. e4 e5 2. Nf3 Nf6 3. d3 Nc6 4. Nc3 Bb4 5. Bd2 d6 6. Be2 Nd4 7. a3 Nxf3+ 8. Bxf3 Ba5 9. Qe2 Bb6 10. Na4 d5 11. Nxb6 axb6 12. 0-0 0-0 13. Bg5 Qd6 14. Rad1 Be6 15. Bxf6 gxf6 16. exd5 Bxd5 17. Bxd5 Qxd5 18. Qe4 Qxe4 19. dxe4 Rfd8 20. Rfe1 Kg7 21. f3 Kg6 22. Kf2 Kg5 23. g3 Rxd1 24. Rxd1 Ra4 25. Rd7 Rd4 26. h4+ Kg6 27. Rxd4 exd4 28. Ke2 c5 29. Kd3 b5 30. c3 dxc3 31. Kxc3 b6 32. Kd3 Kg7 33. Ke3 Kf8 34. Kf4 Ke7 35. Kf5 c4 36. g4 h6 37. f4 Kd6 38. Kxf6 Kc5 39. Kxf7 Kd4 40. e5 Kd3 41. e6 Kc2 42. e7 Kxb2 43. e8Q 1-0

[Event "COL-ch sf"]
[Site "Medellin"]
[Date "2014.??.??"]
[Round "10"]
[White "Patino Castaneda, Jose Ignacio"]
[Black "Uribe Valencia, Victor Alexis"]
[Result "1/2-1/2"]
[WhiteElo "1550"]
[BlackElo "1793"]
[PlyCount "69"]
[EventDate "2014.04.15"]
[EventType "swiss"]
[EventRounds "11"]
[EventCountry "COL"]
[SourceTitle "CBM 160 Extra"]
[Source "ChessBase"]
[SourceDate "2014.07.01"]
[SourceVersion "1"]
[SourceVersionDate "2014.07.01"]
[SourceQuality "1"]

1. e4 c5 2. Nf3 Nc6 3. d4 cxd4 4. Nxd4 Nf6 5. Nc3 e5 6. Ndb5 d6 7. g3 a6 8. Na3 b5 9. Nd5 Nxe4 10. Bg2 Bf5 11. c3 Bg6 12. Qe2 f5 13. h4 Ne7 14. Nxe7 Bxe7 15. h5 Bf7 16. Bxe4 fxe4 17. Qxe4 0-0 18. Qg4 Bd5 19. h6 g6 20. Rg1 Rf5 21. Nc2 Bf3 22. Qh3 d5 23. g4 Rf7 24. g5 Qc7 25. Rg3 Raf8 26. Qe6 Kh8 27. Nb4 Bxb4 28. cxb4 Re7 29. Rxf3 Rxf3 30. Qxd5 Rf8 31. Be3 Rd8 32. Qf3 Rf7 33. Qe4 Rf5 34. Rd1 Rxd1+ 35. Kxd1 1/2-1/2

[Event "COL-ch sf"]
[Site "Medellin"]
[Date "2014.??.??"]
[Round "11"]
[White "Restrepo, Hugo"]
[Black "Patino Castaneda, Jose Ignacio"]
[Result "1-0"]
[WhiteElo "1711"]
[BlackElo "1550"]
[PlyCount "33"]
[EventDate "2014.04.15"]
[EventType "swiss"]
[EventRounds "11"]
[EventCountry "COL"]
[SourceTitle "CBM 160 Extra"]
[Source "ChessBase"]
[SourceDate "2014.07.01"]
[SourceVersion "1"]
[SourceVersionDate "2014.07.01"]
[SourceQuality "1"]

1. e4 e5 2. Nf3 Nc6 3. Bb5 a6 4. Ba4 Bc5 5. 0-0 Nf6 6. c3 b5 7. Bc2 0-0 8. d4 exd4 9. cxd4 Ba7 10. Nc3 Bb7 11. e5 Ne8 12. Bxh7+ Kh8 13. Be4 f6 14. Ng5 fxg5 15. Qh5+ Kg8 16. Bh7+ Kh8 17. Bg6+ 1-0